000 00332pab a2200121 454500
008 180718b xxu||||| |||| 00| 0 eng d
100 _aAlbert, George
245 _aNew RBI guidelines - private books at the receiving end
650 _a Private Banks
650 _aFinancial Institutions
773 _aBusiness Standard
909 _a24092
999 _c24092
_d24092